Escola Superior d'Agricultura
Descripción Física:
[9] p. : il. col. ; 21 cm
MARC
| LEADER | 00000nam a2200000Ia 4500 | ||
|---|---|---|---|
| 001 | 14877 | ||
| 008 | 160829s9999 xx 000 0 cat d | ||
| 080 | |a FU-31-54 | ||
| 110 | 2 | |a Escola Superior d'Agricultura de Barcelona |9 70055 | |
| 245 | |a Escola Superior d'Agricultura | ||
| 260 | |a [Barcelona] : |b Diputació de Barcelona, [1987?] | ||
| 300 | |a [9] p. : |b il. col. ; |c 21 cm | ||
| 590 | |a A la portada: UPC, Universitat Politècnica de Catalunya. | ||
| 590 | |a Hi ha un duplicat a: DUP-333 | ||
| 650 | |a Escola Superior d'Agricultura de Barcelona | ||
| 710 | 1 | |a Barcelona (Catalunya : Província). |b Diputació |9 52408 | |
| 901 | |a Arxiu | ||
| 942 | |n 1 | ||
| 952 | |0 0 |1 0 |4 0 |6 FU3154 |7 1 |9 48302 |a Arxiu |b Arxiu |d 2016-12-01 |l 0 |o FU-31-54 |p 14877 |r 2016-12-01 00:00:00 |w 2016-12-01 |y ARXIU | ||
| 999 | |c 52108 |d 52108 | ||